000 01011nam0a22002771 4500
001 rc\667632
005 20031121165546.9
035 _a(NLR Aleph) 005906426
090 _a6331047
_c6331047
100 _a20031121d1986 u |0rusy50 ca
101 0 _arus
102 _aRU
105 _aa |||||||||
200 1 _aРождение африканской цивилизации
_eИфе, Ойо, Бенин, Дагомея
_fАН СССР, Ин-т Африки
210 _aМ.
_cНаука
_d1986
215 _a301, [2] с., [8] л. ил.
_cил.
_d22
300 _aПеред вып. дан. авт.: Наталья Борисовна Кочакова
300 _aРез.: англ.
320 _aБиблиогр.: с. 289-297 (282 назв.)
320 _aУказ. геогр. и этн. назв.: с. 298-300
700 1 _aКочакова
_bН. Б.
_gНаталия Борисовна
801 0 _aRU
_bNLR
_gpsbo
801 1 _aRU
_bELAR
_2rusmarc
852 _aNLR
_j85-5/7587
942 _cBOOK
980 _aNB